00522cam a22001931 4500001001300000003000400013005001700017008004100034010001700075035001900092040001800111042001200129050002000141082001000161100002200171245007400193260003500267300002600302ca 36001363 DLC20260227111143.0830517s1929 ilua 000 0 eng  aca 36001363  a(OCoLC)9517049 aDLCcNcDdDLC apremarc00aPN4305.N6bL323 a791.11 aLawrence, John E.10aOld Virginia minstrel first-part;ba complete routine for the circle. aChicago,bT.S. Denisonc[1929] a36 p.billus.c19 cm.